000 00601nam a2200205 i 4500
001 bg
100 1 _aKRÓLIKOWSKI, Zbyszko
245 0 _aUżytkowanie systemu operacyjnego UNIX /
_cZbyszko Królikowski, Michał Sajkowski ; Politechnika Poznańska.
260 _aPoznań :
_bWydaw. PP,
_c1992.
300 _a214 s. :
_brys. ;
_c24 cm.
504 _aBibliogr. s. 208.
650 9 _aUNIX
700 1 _aSAJKOWSKI, Michał
710 _aPOLITECHNIKA POZNAŃSKA (Poznań)
040 _cBPK
041 _apol
080 _a681.322.066UNIX
942 _cKS
008 s pl f |000 0 pol
999 _c6393
_d6393
856 _uhttp://koha.tu.koszalin.pl/cgi-bin/koha/opac-detail.pl?biblionumber=6393
_yKatalog online BPK